[Event "Amber Rapidplay"]
[Site "Monte Carlo"]
[Date "1999.03.23"]
[Round "7"]
[White "Lautier, Joel"]
[Black "Anand, Viswanathan"]
[Result "1/2-1/2"]
[WhiteElo "2596"]
[BlackElo "2781"]

1.d4 d5 2.c4 dxc4 3.e3 e5 4.Bxc4 exd4 5.exd4 Nf6 6.Nf3 Bd6 7.O-O O-O 8.Bg5 h6
9.Bh4 Nc6 10.h3 g5 11.Bg3 Bxg3 12.fxg3 Na5 13.Bd3 Nc6 14.Bc4 Na5 15.Bd3 Nc6
16.Qd2 Nh5 17.g4 Nf4 18.Be4 Nxd4 19.Nxd4 Qxd4+ 20.Qxd4 Ne2+ 21.Kh2 Nxd4 22.Nc3 Be6
23.Rad1 Nc6 24.Nd5 Bxd5 25.Bxd5 Rad8 26.Bxc6  1/2-1/2

[Event "Amber Rapidplay"]
[Site "Monte Carlo"]
[Date "1999.03.24"]
[Round "8"]
[White "Topalov, Veselin"]
[Black "Lautier, Joel"]
[Result "1/2-1/2"]
[WhiteElo "2700"]
[BlackElo "2596"]

1.d4 Nf6 2.c4 e6 3.Nc3 Bb4 4.Qc2 O-O 5.a3 Bxc3+ 6.Qxc3 b6 7.Bg5 Bb7 8.f3 h6
9.Bh4 d5 10.e3 c5 11.dxc5 bxc5 12.cxd5 g5 13.Bf2 Nxd5 14.Qd2 Nc6 15.Ne2 Ne5
16.Nc3 c4 17.Nxd5 Qxd5 18.e4 Qxd2+ 19.Kxd2 Rfd8+ 20.Kc3 Nd3 21.Be3 Ba6  1/2-1/2

[Event "Amber Blindfold"]
[Site "Monte Carlo"]
[Date "1999.03.26"]
[Round "9"]
[White "Ljubojevic, Ljubomir"]
[Black "Lautier, Joel"]
[Result "1/2-1/2"]
[WhiteElo "2571"]
[BlackElo "2596"]

1.d4 d5 2.c4 dxc4 3.Nf3 a6 4.a4 Nf6 5.e3 Bg4 6.Bxc4 e6 7.Nc3 Nc6 8.h3 Bh5
9.O-O Bd6 10.Be2 O-O 11.Nd2 Bxe2 12.Qxe2 e5 13.Nb3 exd4 14.exd4 h6 15.Rd1 Re8
16.Qf3 Qe7 17.Be3 Rad8 18.Rac1 Ne4 19.Nxe4 Qxe4 20.Qxe4 Rxe4 21.Nc5 Bxc5
22.Rxc5 Re7 23.Rdc1 Red7 24.R1c4 Rd5  1/2-1/2

[Event "Amber Blindfold"]
[Site "Monte Carlo"]
[Date "1999.03.27"]
[Round "10"]
[White "Lautier, Joel"]
[Black "Van Wely, Loek"]
[Result "1-0"]
[WhiteElo "2596"]
[BlackElo "2632"]

1.e4 c5 2.Nf3 d6 3.d4 cxd4 4.Nxd4 Nf6 5.Nc3 a6 6.Bc4 e6 7.Bb3 Be7 8.g4 d5
9.exd5 Nxd5 10.Nxd5 exd5 11.Nf5 Bxf5 12.gxf5 d4 13.Rg1 O-O 14.Qg4 Bf6 15.Bh6 Qa5+
16.Kd1 d3 17.Bxg7 dxc2+ 18.Kc1 h5 19.Bxf6+  1-0

[Event "Amber Rapidplay"]
[Site "Monte Carlo"]
[Date "1999.03.27"]
[Round "10"]
[White "Van Wely, Loek"]
[Black "Lautier, Joel"]
[Result "1-0"]
[WhiteElo "2632"]
[BlackElo "2596"]

1.d4 Nf6 2.c4 e6 3.Nf3 b6 4.g3 Ba6 5.b3 Bb4+ 6.Bd2 Be7 7.Bg2 c6 8.Bc3 d5
9.Nbd2 Nbd7 10.O-O O-O 11.Re1 c5 12.e4 dxc4 13.Nxc4 cxd4 14.Nxd4 Rc8 15.e5 Nd5
16.Bxd5 exd5 17.Nf5 Nc5 18.Ncd6 Rc7 19.Qg4 g6 20.Nh6+ Kg7 21.Ndf5+ Kh8 22.e6+ f6
23.Nf7+ Rxf7 24.exf7 Ne4 25.Rxe4 dxe4 26.Rd1 Qf8 27.Nxe7 Rxc3 28.Qe6 Kg7
29.Nd5 Rf3 30.Qxe4 Rf5 31.Nc7 Bc8 32.Ne8+ Kh8 33.Nd6 Re5 34.Qf4 Re6 35.Nxc8 Qxc8
36.Qh6  1-0

[Event "NED-chT Playoff"]
[Site "Breda"]
[Date "1999.05.13"]
[Round "1"]
[White "Lautier, Joel"]
[Black "Sielecki, Christof"]
[Result "1-0"]
[WhiteElo "2596"]
[BlackElo "2403"]

1.d4 Nf6 2.c4 g6 3.Nc3 Bg7 4.e4 d6 5.Nf3 O-O 6.Be2 c5 7.O-O cxd4 8.Nxd4 Nc6
9.Be3 Bd7 10.f3 Qb6 11.Na4 Qa5 12.Nb5 Be6 13.a3 Rfc8 14.Rc1 Qd8 15.b3 Nd7
16.f4 Nf6 17.Bf3 Qe8 18.Kh1 b6 19.Nbc3 Rab8 20.g4 Na5 21.Nb2 Kh8 22.f5 Bd7
23.g5 Ng8 24.Bg2 Nc6 25.Nd3 Ne5 26.Nxe5 Bxe5 27.Bd4 Rc6 28.Nd5 e6 29.fxg6 hxg6
30.Bxe5+ dxe5 31.Nf6 Nxf6 32.gxf6  1-0

[Event "FRA-ch G1"]
[Site "Bescanon"]
[Date "1999.08.17"]
[Round "2"]
[White "Lautier, Joel"]
[Black "Anic, Darko"]
[Result "1/2-1/2"]
[WhiteElo "2638"]
[BlackElo "2467"]

1.d4 d5 2.c4 c6 3.Nf3 Nf6 4.Nc3 e6 5.Bg5 Nbd7 6.e3 Qa5 7.cxd5 exd5 8.Bd3 Ne4
9.O-O Nxg5 10.Nxg5 Be7 11.f4 Nf6 12.Qc2 h6 13.Nf3 O-O 14.Ne5 c5 15.a3 Rd8
16.b4 cxb4 17.axb4 Qb6 18.Rfb1 Bd7 19.Qb3 Be8 20.Be2 Qe6 21.Bf3 a6 22.f5 Qd6
23.Ra5 b5 24.Qa2 Rac8 25.Ne2 Ne4 26.Rxa6 Qb8 27.Bxe4 dxe4 28.Nf4 Bd6 29.Qb2 Qc7
30.h3 Qc3 31.Qf2 Bxe5 32.dxe5 Qxe5 33.f6 g5 34.Nh5 Rc6 35.Ra7 Rcd6 36.Rf1 Rd2
37.Qg3 Qxg3 38.Nxg3 Rb2 39.Re7 Rxb4 40.Nf5 Kh7 41.Ng7 Rb2 42.Nxe8  1/2-1/2

[Event "FRA-ch G1"]
[Site "Bescanon"]
[Date "1999.08.19"]
[Round "4"]
[White "Lautier, Joel"]
[Black "Bricard, Emmanuel"]
[Result "1-0"]
[WhiteElo "2638"]
[BlackElo "2506"]

1.d4 e6 2.c4 f5 3.g3 Nf6 4.Bg2 Be7 5.Nf3 d6 6.O-O O-O 7.b3 a5 8.Nc3 c6 9.Bb2 Na6
10.Re1 Bd7 11.e4 fxe4 12.Nxe4 Nxe4 13.Rxe4 a4 14.h4 Nc7 15.Re3 axb3 16.axb3 Rxa1
17.Qxa1 Qa8 18.Qb1 Qa5 19.Bc3 Qh5 20.Qe1 b6 21.Nd2 h6 22.d5 cxd5 23.cxd5 Nxd5
24.Rxe6 Bf6 25.Bxf6 Rxf6 26.Re4 Nc7 27.Rd4 Qe8 28.Qxe8+ Nxe8 29.Bf1 Kf8 30.Nc4 b5
31.Nb6 Be6 32.Bxb5 Rf7 33.Nc4 Nc7 34.Rxd6 Ke7 35.Bc6 Rf8 36.Rd3 Rb8 37.Re3 Kf6
38.Rf3+ Ke7 39.Re3 Kf6 40.Nd2 Rb6 41.Bf3 Na6 42.Ne4+ Kf7 43.Bh5+ g6 44.Be2  1-0

[Event "FRA-ch G1"]
[Site "Bescanon"]
[Date "1999.08.21"]
[Round "6"]
[White "Relange, Eloi"]
[Black "Lautier, Joel"]
[Result "1/2-1/2"]
[WhiteElo "2452"]
[BlackElo "2638"]

1.d4 d5 2.c4 e6 3.Nf3 dxc4 4.e4 b5 5.a4 c6 6.Be2 Nf6 7.Bg5 Qb6 8.Nbd2 Nbd7
9.O-O h6 10.Bh4 Bb7 11.a5 Qc7 12.Bg3 Qc8 13.Qc2 a6 14.b3 cxb3 15.Nxb3 c5
16.dxc5 Nxc5 17.Rac1 Nfxe4 18.Qb2 Qd8 19.Nxc5 Nxc5 20.Ne5 Be7 21.Rxc5 Bxc5
22.Bxb5+ axb5 23.Qxb5+ Kf8 24.Qxb7 Ra7 25.Qf3 Qd5 26.Ng6+ Kg8 27.Qxd5 exd5
28.Nxh8 Rxa5 29.Nxf7 Kxf7 30.Re1 d4 31.Kf1 d3 32.f3 Ra3 33.Bf2 Bb4 34.Rb1 Bc3
35.Be1 Be5 36.Bg3 Bxg3 37.hxg3 Ke6 38.Rb6+ Ke5 39.Ke1 Ra2 40.Rg6 Rxg2 41.Rxg7 Kd4
42.Rg6 h5 43.Rg5 Rh2 44.f4 Ke3 45.Re5+ Kf3 46.Rg5 Ke3 47.Re5+ Kf3  1/2-1/2

[Event "FRA-ch G1"]
[Site "Bescanon"]
[Date "1999.08.22"]
[Round "7"]
[White "Lautier, Joel"]
[Black "Degraeve, Jean Marc"]
[Result "1-0"]
[WhiteElo "2638"]
[BlackElo "2542"]

1.d4 Nf6 2.c4 e6 3.Nc3 c5 4.d5 exd5 5.cxd5 Bd6 6.Bg5 O-O 7.Nf3 Re8 8.e3 Bc7
9.d6 Ba5 10.Bc4 Bxc3+ 11.bxc3 Nc6 12.O-O b6 13.Qd3 Na5 14.Bd5 Bb7 15.Bxb7 Nxb7
16.e4 h6 17.Bh4 Qb8 18.e5 Nh7 19.Rae1 Re6 20.Nd2 Na5 21.f4 Nc6 22.Nf3 g6
23.g4 Re8 24.f5 g5 25.Bg3 Qb7 26.h4 gxh4 27.Bxh4 Kh8 28.Qd2  1-0

[Event "FRA-ch 2nd stage"]
[Site "Bescanon"]
[Date "1999.08.24"]
[Round "1.2"]
[White "Lautier, Joel"]
[Black "Koch, Jean Rene"]
[Result "1-0"]
[WhiteElo "2638"]
[BlackElo "2510"]

1.d4 d5 2.c4 e6 3.Nc3 c5 4.cxd5 exd5 5.Nf3 Nc6 6.g3 Nf6 7.Bg2 Be7 8.O-O O-O
9.Bg5 c4 10.Ne5 Be6 11.e3 Nd7 12.Nxc6 bxc6 13.Bxe7 Qxe7 14.b3 cxb3 15.axb3 Qb4
16.Qc2 Rfb8 17.Rfb1 g6 18.Ra4 Qb6 19.Qa2 Bf5 20.Rb2 Bd3 21.Rd2 Bf5 22.b4 Qc7
23.Rd1 Qd6 24.b5 cxb5 25.Ra5 Be6 26.Nxb5 Qb6 27.Nc3 Nf6 28.Nxd5 Nxd5 29.Bxd5 Bxd5
30.Qxd5 Rd8 31.Qa2 Rd7 32.Ra1 Qb7 33.Rc1 Rd6 34.Qa3 Rd7 35.Qc5 Rad8 36.Qc6 Qb4
37.Rca1 Qb6 38.Qxb6 axb6 39.Rb5 Rb7 40.Rab1 Rd6 41.Kf1 f5 42.Ke2 Rc6 43.R1b2 Kf7
44.Kd3 Rf6 45.f3 h5 46.d5 g5 47.e4 fxe4+ 48.fxe4 h4 49.Kd4 h3 50.e5 Rf1 51.Rb1 Rxb1
52.Rxb1 Ra7 53.e6+ Ke7 54.Ke5 Ra2 55.d6+ Kf8 56.Rf1+ Kg7 57.d7  1-0

[Event "FRA-ch fin stage"]
[Site "Bescanon"]
[Date "1999.08.25"]
[Round "1.1"]
[White "Lautier, Joel"]
[Black "Relange, Eloi"]
[Result "1-0"]
[WhiteElo "2638"]
[BlackElo "2452"]

1.d4 d5 2.c4 c6 3.Nc3 Nf6 4.e3 a6 5.Qc2 g6 6.Bd3 Bg7 7.Nf3 O-O 8.O-O Nbd7
9.b3 Re8 10.Bb2 dxc4 11.bxc4 e5 12.a4 Qe7 13.Ba3 Qe6 14.d5 cxd5 15.cxd5 Nxd5
16.Nxd5 Qxd5 17.Bc4  1-0

[Event "ESP-chT Div 1"]
[Site "Cala Galdana"]
[Date "1999.11.08"]
[Round "1"]
[White "Corral Blanco, Juan A"]
[Black "Lautier, Joel"]
[Result "0-1"]
[WhiteElo "2459"]
[BlackElo "2638"]

1.d4 Nf6 2.c4 e6 3.Nc3 Bb4 4.Qb3 c5 5.dxc5 Nc6 6.Nf3 Ne4 7.Bd2 Nxd2 8.Nxd2 O-O
9.e3 Bxc5 10.Nde4 b6 11.Be2 Be7 12.O-O-O a6 13.g4 Qc7 14.g5 Na5 15.Qc2 Nxc4
16.Bxc4 Qxc4 17.Rhg1 Kh8 18.Rg4 Qc7 19.Rh4 g6 20.f4 Bb7 21.Qd3 Bxe4 22.Qxe4 d5
23.Qg2 f5 24.Kb1 Rac8 25.Qd2 Qc4 26.Qd4+ Kg8 27.Qxb6 Rc6 28.Qb7 Rf7 29.Rd4 Qc5
30.Qb3 Bf8 31.Rh3 Rfc7 32.Rd3 Bg7 33.Qa4 Rb7 34.Kc2 Rxb2+ 35.Kxb2 Bxc3+ 36.Kc2 Bb4+
37.Kd1 Qc1+ 38.Ke2 Qe1+ 39.Kf3 Qf1+  0-1

[Event "ESP-chT Div 1"]
[Site "Cala Galdana"]
[Date "1999.11.11"]
[Round "4"]
[White "Lautier, Joel"]
[Black "Spraggett, Kevin"]
[Result "1/2-1/2"]
[WhiteElo "2638"]
[BlackElo "2521"]

1.d4 f5 2.g3 Nf6 3.Bg2 g6 4.c4 Bg7 5.Nc3 O-O 6.Nh3 d6 7.d5 Nbd7 8.O-O Ne5
9.b3 c5 10.Qc2 a6 11.a4 b6 12.Bd2 Rb8 13.Rae1 Ne8 14.f4 Nf7 15.e4 Nc7 16.Nf2 b5
17.Nd3 b4 18.Nd1 fxe4 19.Bxe4 e6 20.Ne3 Nh6 21.Qd1 exd5 22.Nxd5 Nxd5 23.Bxd5+ Kh8
24.Nf2 Nf5 25.Ne4 h6 26.Nf2 Nd4 27.Be3 Bf5 28.Bxd4 Bxd4 29.g4 Bd7 30.Qf3 Qf6
31.Re4  1/2-1/2

[Event "Eu Team Ch"]
[Site "Batumi GEO"]
[Date "1999.12.04"]
[Round "5"]
[White "Lautier,J"]
[Black "Akesson,R"]
[Result "0-1"]
[WhiteElo "2638"]
[BlackElo "2535"]

1.e4 c5 2.Nf3 e6 3.d4 cxd4 4.Nxd4 Nf6 5.Nc3 d6 6.g4 h6 7.h4 Nc6 8.Rg1 h5
9.gxh5 Nxh5 10.Bg5 Nf6 11.Be2 a6 12.Qd2 Qb6 13.Nb3 Bd7 14.O-O-O Qxf2 15.h5 Nxh5
16.Rh1 g6 17.e5 Qf5 18.Bxh5 Rxh5 19.Rxh5 gxh5 20.exd6 Ne5 21.Nd4 Qg4 22.Bf4 Bxd6
23.Nde2 Nc4 24.Qd4 Bxf4+ 25.Nxf4 e5 26.Qxc4 Qxf4+ 27.Qxf4 exf4 28.Nd5 O-O-O
29.Nb6+ Kc7 30.Nd5+ Kc8 31.Nb6+ Kc7 32.Nd5+ Kc6 33.Nb4+ Kb5 34.Rd4 h4 35.Nd3 h3
36.Rd5+ Kb6 37.Rh5 f3 38.Kd2 Kc7 39.Rh7 Rc8  0-1

[Event "It"]
[Site "Pamplona ESP"]
[Date "1999.12.30"]
[Round "4"]
[White "Lautier,J"]
[Black "Gelfand,B"]
[Result "1/2-1/2"]
[WhiteElo "2638"]
[BlackElo "2713"]

1.d4 Nf6 2.c4 e6 3.Nf3 b6 4.g3 Ba6 5.b3 Bb4+ 6.Bd2 Be7 7.Bg2 c6 8.Bc3 d5
9.Nbd2 Nbd7 10.O-O O-O 11.Re1 c5 12.e4 dxe4 13.Nxe4 Bb7 14.Nfg5 cxd4 15.Bxd4 Qc7
16.Nxf6+ Bxf6 17.Bxb7 Qxb7 18.Ne4 Bxd4 19.Qxd4 Rad8 20.Rad1 Qc7 21.Qd6 Qxd6
22.Nxd6 Nb8 23.Nb7 Rxd1 24.Rxd1 Rc8 25.Kf1  1/2-1/2

[Event "It"]
[Site "Pamplona ESP"]
[Date "2000.01.05"]
[Round "9"]
[White "Almasi,Z"]
[Black "Lautier,J"]
[Result "1/2-1/2"]
[WhiteElo "2663"]
[BlackElo "2638"]

1.e4 c5 2.Nf3 Nc6 3.d4 cxd4 4.Nxd4 Nf6 5.Nc3 e5 6.Ndb5 d6 7.Bg5 a6 8.Na3 b5
9.Nd5 Be7 10.Bxf6 Bxf6 11.c3 O-O 12.Nc2 Bg5 13.a4 bxa4 14.Rxa4 a5 15.Bc4 Rb8
16.b3 Kh8 17.O-O g6 18.Qe2 Bd7 19.Raa1 Bh6 20.b4 axb4 21.cxb4 f5 22.f3  1/2-1/2

[Event "NED-chT"]
[Site "Hengelo NED"]
[Date "2000.02.27"]
[Round "4"]
[White "Lautier,J"]
[Black "Middelburg,T"]
[Result "1-0"]
[WhiteElo "2632"]
[BlackElo "2347"]

1.d4 d5 2.c4 c6 3.Nc3 Nf6 4.e3 a6 5.Qc2 g6 6.Bd3 Bg7 7.Nf3 Nbd7 8.O-O O-O
9.b3 c5 10.Nxd5 Nxd5 11.cxd5 cxd4 12.e4 e6 13.Ba3 Re8 14.dxe6 Rxe6 15.Rac1 Rc6
16.Qd2 Rc3 17.Bb4 Rxc1 18.Rxc1 Nf8 19.h3 Be6 20.Qf4 Rc8 21.Rd1 Qf6 22.Qxf6 Bxf6
23.e5 Bg7 24.Be4 f5 25.Bxb7 Rb8 26.Bxf8 Bxf8 27.Bxa6 Ra8 28.Bb7 Rxa2 29.Nxd4 Kf7
30.Rc1 Be7 31.Rc7  1-0

[Event "Amber Blindfold"]
[Site "Monaco MNC"]
[Date "2000.03.16"]
[Round "1"]
[White "Shirov,A"]
[Black "Lautier,J"]
[Result "1-0"]
[WhiteElo "2751"]
[BlackElo "2632"]

1.e4 c5 2.Nf3 Nc6 3.d4 cxd4 4.Nxd4 Nf6 5.Nc3 e5 6.Ndb5 d6 7.Bg5 a6 8.Na3 b5
9.Bxf6 gxf6 10.Nd5 f5 11.Bxb5 axb5 12.Nxb5 Ra4 13.b4 Rxb4 14.Nbc7+ Kd7 15.O-O Rb7
16.Qh5 Ne7 17.Qxf7 Kc6 18.Rab1 fxe4 19.Rxb7 Kxb7 20.Rb1+ Kc6 21.Rb6+ Kc5
22.Rb3 Kc6 23.Rc3+ Kb7 24.Nxe7 Bxe7 25.Qd5+ Ka7 26.Qa8+  1-0

[Event "Amber Rapidplay"]
[Site "Monaco MNC"]
[Date "2000.03.18"]
[Round "3"]
[White "Lautier,J"]
[Black "Karpov,An"]
[Result "0-1"]
[WhiteElo "2632"]
[BlackElo "2696"]

1.d4 Nf6 2.c4 e6 3.Nf3 b6 4.g3 Ba6 5.Nbd2 d5 6.Bg2 Be7 7.O-O O-O 8.Ne5 Bb7
9.cxd5 exd5 10.b3 a5 11.Qc2 Na6 12.Bb2 c5 13.dxc5 bxc5 14.Rad1 a4 15.bxa4 Nb4
16.Qb1 Qc7 17.e4 d4 18.a3 Nc6 19.Nec4 Rxa4 20.Rfe1 Na5 21.Nxa5 Rxa5 22.Qc2 Qc6
23.Nc4 Ra7 24.f4 Nd7 25.Qd2 Nb6 26.Rc1 Nxc4 27.Rxc4 Rd8 28.Rec1 Qb6 29.a4 Ba6
30.a5 Qb3 31.Rxc5 Bxc5 32.Rxc5 Rb7 33.Bxd4 Qa4 34.Kf2 Rb4  0-1

[Event "Amber Blindfold"]
[Site "Monaco MNC"]
[Date "2000.03.18"]
[Round "3"]
[White "Karpov,An"]
[Black "Lautier,J"]
[Result "1-0"]
[WhiteElo "2696"]
[BlackElo "2632"]

1.c4 c5 2.Nf3 Nc6 3.Nc3 Nf6 4.e3 e6 5.d4 d5 6.cxd5 exd5 7.Bb5 Bd6 8.dxc5 Bxc5
9.O-O O-O 10.b3 Bg4 11.Bb2 Rc8 12.Rc1 Bd6 13.h3 Bh5 14.Be2 Bb8 15.Nh4 Qd6
16.g3 Bxe2 17.Nxe2 Qe6 18.Kg2 Be5 19.Bxe5 Qxe5 20.Nf3 Qe4 21.Nc3 Qe6 22.Qd3 Ne5
23.Nxe5 Qxe5 24.Rc2 Rfd8 25.Rd1 Qe6 26.Ne2 Rxc2 27.Qxc2 Rc8 28.Qd3 Qe4+ 29.Qxe4 dxe4
30.g4 h6 31.Rd2 g6 32.Ng3 Kg7 33.Rd4 Re8 34.a4 Re6 35.b4 a6 36.Kf1 Kf8 37.Ke2 Ke7
38.Kd2 Re5 39.a5 Re6 40.Kc3 Re5 41.Kb3 Re6 42.Ne2 Ne8 43.Nc3 Nd6 44.Nd5+ Kd7
45.h4 Kc6 46.Nb6 g5 47.hxg5 hxg5 48.Rd1 Kc7 49.Rh1 Kd8 50.Rh8+ Ne8 51.Rg8 Rf6
52.Rxg5 Rxf2 53.Re5 Nd6 54.Nc4 Nxc4 55.Kxc4 Rc2+ 56.Kd5 Kd7 57.Rxe4 Rc6 58.Rc4 Re6
59.e4 Rg6 60.e5 Rg8 61.Rf4 Ke7 62.Rf6 Rc8 63.Rb6 Rc7 64.g5 Rd7+ 65.Rd6 Rc7
66.Rh6 Rc2 67.g6 Rd2+ 68.Kc5 Re2 69.Kd4 fxg6 70.Rxg6 Kd7 71.Rb6 Kc7 72.Kd5 Rh2
73.Ke6 Rh7 74.Kf6 Kd8 75.Kg6 Rc7 76.Kf5 Rf7+ 77.Rf6 Rh7 78.Ke6 Rh4 79.Kd6 Rd4+
80.Kc5 Re4 81.Rf5 Ke7 82.Rh5 Kd7 83.Rh7+ Kc8 84.Re7 Rh4 85.Re8+ Kc7 86.Re7+ Kc8
87.Rf7 Re4 88.Kd6 Rd4+ 89.Ke7 Rxb4 90.e6 Kc7 91.Kf8+ Kd6 92.e7 Rh4 93.Rf6+  1-0

[Event "Amber Rapidplay"]
[Site "Monaco MNC"]
[Date "2000.03.19"]
[Round "4"]
[White "Lautier,J"]
[Black "Ljubojevic,L"]
[Result "1/2-1/2"]
[WhiteElo "2632"]
[BlackElo "2559"]

1.e4 c5 2.Nc3 e6 3.Nf3 a6 4.g3 Nc6 5.Bg2 Nf6 6.O-O d6 7.d4 cxd4 8.Nxd4 Bd7
9.a4 Be7 10.Be3 O-O 11.Qe2 Qc7 12.Rad1 Rac8 13.Nb3 Ne5 14.Kh1 Nc4 15.Bc1 b5
16.axb5 axb5 17.Nd4 b4 18.Nb1 Rfe8 19.c3 d5 20.exd5 exd5 21.Qc2 Qb6 22.Nf5 Bc5
23.cxb4 Bxb4 24.Nc3 Na3 25.Qb3 Bxf5 26.bxa3 Rxc3 27.Qxb4 Qxb4 28.axb4 Rb3
29.Bg5 Rxb4  1/2-1/2

[Event "Amber Blindfold"]
[Site "Monaco MNC"]
[Date "2000.03.19"]
[Round "4"]
[White "Ljubojevic,L"]
[Black "Lautier,J"]
[Result "0-1"]
[WhiteElo "2559"]
[BlackElo "2632"]

1.d4 d5 2.Nf3 Nf6 3.c4 c6 4.Nc3 e6 5.Bg5 dxc4 6.e4 b5 7.e5 h6 8.Bh4 g5 9.Nxg5 hxg5
10.Bxg5 Nbd7 11.g3 Bb7 12.Bg2 Qb6 13.exf6 O-O-O 14.O-O Bh6 15.Ne4 c5 16.Bxh6 Rxh6
17.Qd2 Rh5 18.Qf4 Bxe4 19.Qxe4 cxd4 20.a4 Nxf6 21.a5 Qc7 22.Qa8+ Kd7 23.Qf3 Rf5
24.Qd1 Ke7 25.b3 d3 26.bxc4 bxc4 27.Qa4 c3 28.Ra3 c2 29.Qb4+ Qc5 30.Qb2 Rxf2  0-1

[Event "Amber Blindfold"]
[Site "Monaco MNC"]
[Date "2000.03.27"]
[Round "10"]
[White "Lautier,J"]
[Black "Topalov,V"]
[Result "1/2-1/2"]
[WhiteElo "2632"]
[BlackElo "2702"]

1.Nf3 c5 2.c4 g6 3.d4 Bg7 4.d5 d6 5.e4 e6 6.Nc3 exd5 7.cxd5 a6 8.a4 Bg4 9.Be2 Bxf3
10.Bxf3 Nf6 11.Qb3 Qe7 12.O-O O-O 13.a5 Nbd7 14.Bf4 Rab8 15.Qc2 Ne8 16.Rfe1 Nc7
17.Be2 b5 18.axb6 Rxb6 19.Ra2 Rfb8 20.Bd2 Bd4 21.Nd1 Qf6 22.Kh1 h5 23.f4 Qe7
24.Nc3 Nf6 25.Bf3 Qd7 26.Re2 Ng4 27.Bc1 Qd8 28.g3 Nf6 29.Kg2 Nd7 30.e5 dxe5
31.f5 Qf6 32.fxg6 Qxg6 33.Be4 Qg7 34.Bf3 h4 35.Re4 f5 36.Rxh4 e4 37.Be2 Ne5
38.Rh5 Rf8 39.Bf4 Ng6 40.Bxc7 Qxc7 41.Bc4 Kg7 42.Ne2 Qe5 43.b3 Qf6 44.Nf4 Nxf4+
45.gxf4 Rh8 46.Rg5+ Kf8 47.Kh1 Be3 48.Rg2 Bxf4 49.Qf2 Bd6 50.Qg1 Qe5 51.Rg6 e3
52.Re6 Qd4 53.Rg2 Bxh2 54.Rxh2 Rxe6 55.dxe6 Qe4+ 56.Qg2 Rxh2+ 57.Kxh2 Qh4+
58.Kg1 Qe1+ 59.Kh2 Qh4+ 60.Kg1 Qe1+ 61.Bf1 Ke7 62.Qe2 Qg3+ 63.Qg2 Qe1 64.Qe2 Qg3+
65.Qg2  1/2-1/2

[Event "Amber Rapidplay"]
[Site "Monaco MNC"]
[Date "2000.03.28"]
[Round "11"]
[White "Lautier,J"]
[Black "Piket,Je"]
[Result "1/2-1/2"]
[WhiteElo "2632"]
[BlackElo "2633"]

1.d4 d5 2.c4 c6 3.Nf3 Nf6 4.Nc3 dxc4 5.a4 Bf5 6.e3 e6 7.Bxc4 Bb4 8.O-O Nbd7
9.Qe2 Bg6 10.e4 O-O 11.Bd3 h6 12.h3 a6 13.Rd1 Qe7 14.Bf4 Rac8 15.Rac1 Rfe8
16.Bb1 Bxc3 17.Rxc3 Qb4 18.Ra3 Red8 19.Rc1 a5 20.Rc4 Qb6 21.Bd3 Qa7 22.Rc1 Qa8
23.Rac3 Re8 24.Nd2 Red8 25.Nc4 Ne8 26.Ra3 Bh7 27.Rb3 b5 28.axb5 a4 29.Rb4 cxb5
30.Rxb5 Ndf6 31.Re1 Qa7 32.d5 exd5 33.Nb6 Bxe4 34.Nxc8 Rxc8 35.Bxe4 dxe4
36.Qd2 Rc4 37.Rc1 Rd4 38.Be3 Rxd2 39.Bxa7 Nd6 40.Rb4 Nf5 41.Ra1 Kh7 42.Raxa4 Nd5
43.Rxe4 Rxb2 44.Re5 Nc3 45.Ra1 Kg6 46.Rae1 f6 47.Re8 h5 48.Kf1 Nd5 49.R8e4 Ra2
50.Bc5 Rc2 51.Bd4 Rd2 52.Bc5 Rc2 53.Ba3 Ra2 54.Bc1 Nc3 55.Rc4 Nb5 56.Bf4 h4
57.Rd1 Ra3 58.Ke1 Rb3 59.Rdc1 Nbd4 60.Kf1 Ne6 61.Bd2 Rb2 62.R4c2 Rb3 63.Re1 Ned4
64.Rc4 Rd3 65.Bc3 Nb5 66.Bb2 Rd2 67.Rb4 Nbd6 68.Rg4+ Kh7 69.Ba3 Nf7 70.Rf4 Kg6
71.Rg4+ Kh7 72.Bf8 Ne5 73.Rf4 Kg6 74.Bb4 Rc2 75.Rd1 Nc6 76.Be1 Ne5 77.Rd2 Rc1
78.Ke2 Rb1 79.Re4 Rb3 80.f3 Kh5 81.Rf4 Kg5 82.Ra4 Kh5 83.Rda2 Nd3 84.Bd2 Ng3+
85.Kd1 Ne5 86.Kc2 Rb5 87.Ra5 Rxa5 88.Rxa5 g5 89.Ra6 Kg6 90.Kd1 Kf5 91.Bc3 Nh5
92.Ke2 Ng6 93.Ra5+ Ke6 94.Kf2 Ngf4 95.Bd2 Ng6 96.Rb5 Ne5 97.Bc3 Nd3+ 98.Ke3 Ndf4
99.Kf2 Nd3+ 100.Kg1 Ndf4 101.Ba5 Nd5 102.Bd8 Ndf4 103.Bc7 Nd5 104.Bb8 Ng7
105.Kf2 Nh5 106.Ra5 Ndf4 107.Bxf4 Nxf4 108.Ra2 Kf5 109.Ke3 Nd5+ 110.Kd4 Nf4
111.Rd2 Nh5 112.Kd5 Kf4 113.Ke6 Kg3 114.Kf5 Nf4 115.Kxf6 Nxg2 116.Kxg5 Nf4
117.Kf5 Nxh3 118.Ra2 Ng1 119.f4 h3 120.Ke4 h2 121.Rxh2  1/2-1/2

[Event "Amber Blindfold"]
[Site "Monaco MNC"]
[Date "2000.03.28"]
[Round "11"]
[White "Piket,Je"]
[Black "Lautier,J"]
[Result "1/2-1/2"]
[WhiteElo "2633"]
[BlackElo "2632"]

1.d4 Nf6 2.c4 e6 3.Nf3 b6 4.g3 Ba6 5.Qa4 Bb7 6.Bg2 c5 7.O-O cxd4 8.Nxd4 Bxg2
9.Kxg2 Qc7 10.Rd1 a6 11.Nc3 Be7 12.f3 Qb7 13.Bg5 h6 14.Bxf6 Bxf6 15.Rd3 O-O
16.Rad1 Rc8 17.Qb3 Rc7 18.Ne4 Be7 19.g4 Nc6 20.Nxc6 Qxc6 21.Nd6 Bxd6 22.Rxd6 Qxc4
23.Qxc4 Rxc4 24.Rxd7 Rc2 25.R1d2 Rac8 26.Kf2 Rxd2 27.Rxd2 Rc6 28.a3 b5 29.h4 f5
30.g5 hxg5 31.hxg5 Kf7 32.Rd7+ Kg6 33.f4 Rc2 34.Rd6 Rxb2 35.Rxe6+ Kh5 36.Rxa6 Kg4
37.Rg6 Kxf4 38.Rxg7 Rb3 39.Rg8 Rxa3 40.g6 Kg5 41.g7 Kg6 42.Rb8 Kxg7 43.Rxb5  1/2-1/2

[Event "Grand Prix Rapidplay"]
[Site "Bordeaux FRA"]
[Date "2000.04.06"]
[Round "1.2"]
[White "Lautier,J"]
[Black "Tkachiev,V"]
[Result "1-0"]
[WhiteElo "2632"]
[BlackElo "2670"]

1.e4 d6 2.d4 Nf6 3.Be3 a6 4.a4 g6 5.Nc3 Bg7 6.Qd2 O-O 7.Nf3 e5 8.dxe5 dxe5
9.Qxd8 Rxd8 10.Bc4 Nc6 11.O-O h6 12.h3 Ne8 13.Rfd1 Nd4 14.Bxd4 exd4 15.Nd5 Be6
16.Bb3 Kf8 17.Nf4 Bxb3 18.cxb3 c6 19.Rd2 Rd7 20.Rad1 Rad8 21.Nd3 Re7 22.e5 a5
23.Rc2 Nc7 24.Rc5 Rd5 25.Rxd5 Nxd5 26.Kf1 Ke8 27.Rc1 Kd7 28.Rc4 f6 29.Rxd4 fxe5
30.Re4 Kd6 31.Nd2 b5 32.Rg4 Nf6 33.Rxg6 Ke6 34.Rg3 e4 35.Nf4+ Kf5 36.Ne2 Rd7
37.Ke1 h5 38.Rc3 Bf8 39.Rxc6 Bh6 40.Ng3+ Ke5 41.Rc5+ Kd4 42.Rxb5 Kd3 43.Nc4 Kc2
44.Rb6 Bg5 45.Rc6 Kxb3 46.Nxa5+ Kxa4 47.Nc4 Kb5 48.Rc8 Ra7 49.Ke2 Ra2 50.Nd6+ Kb6
51.Ngxe4 Rxb2+ 52.Kf3 Rb3+ 53.Rc3 Nxe4 54.Rxb3+  1-0

[Event "Grand Prix Rapidplay"]
[Site "Bordeaux FRA"]
[Date "2000.04.06"]
[Round "1.1"]
[White "Tkachiev,V"]
[Black "Lautier,J"]
[Result "0-1"]
[WhiteElo "2670"]
[BlackElo "2632"]

1.c4 e5 2.Nc3 Nf6 3.Nf3 Nc6 4.g3 d5 5.cxd5 Nxd5 6.Bg2 Nb6 7.Rb1 a5 8.O-O Be7
9.d3 O-O 10.Be3 Bg4 11.Rc1 Qd7 12.Nd2 Rad8 13.Bxb6 cxb6 14.Nc4 Qe6 15.Ne3 Bh5
16.h4 Kh8 17.Re1 f5 18.Qb3 Qxb3 19.axb3 Nd4 20.Bxb7 Nxb3 21.Rcd1 Bc5 22.Nc4 f4
23.g4 Bxg4 24.Nxe5 Bh5 25.Bf3 Rf5 26.Bxh5 Rxe5 27.Bf3 Nd4 28.Kg2 Nf5 29.Rh1 Be7
30.Be4 Nxh4+ 31.Kf1 g5 32.d4 Re6 33.f3 Bf6 34.Nb5 Re7 35.Bc6 Nf5 36.Kf2 Bxd4+
37.Nxd4 Nxd4 38.Be4 Red7 39.Rh6 b5 40.Rdh1 Kg8 41.Bxh7+ Kf8 42.Be4 Rf7 43.Rg6 Ke7
44.Rxg5 Rc8 45.Rh6 Rd8 46.Re5+ Kd7 47.Rd5+ Kc7 48.Rc5+ Kb8 49.Ra6 Rb7 50.Bxb7 Kxb7
51.Rxa5 Kb6 52.b4 Rd6 53.Rc3 Nc6 54.Ra2 Nxb4 55.Rb2 Rd4 56.Rcb3 Kc5 57.Rc3+ Kd6
58.Rcb3 Nc6 59.Rxb5  0-1

[Event "Grand Prix Rapidplay"]
[Site "Bordeaux FRA"]
[Date "2000.04.07"]
[Round "2.1"]
[White "Lautier,J"]
[Black "Adams,Mi"]
[Result "0-1"]
[WhiteElo "2632"]
[BlackElo "2715"]

1.e4 e5 2.Nf3 Nf6 3.Nxe5 d6 4.Nf3 Nxe4 5.d4 d5 6.Bd3 Bd6 7.O-O c5 8.c3 cxd4
9.cxd4 O-O 10.Nc3 Re8 11.h3 Bb4 12.Qc2 Bxc3 13.bxc3 Nc6 14.Rb1 b6 15.Re1 Bf5
16.c4 dxc4 17.Qxc4 Rc8 18.Qa6 Nxd4 19.Nxd4 Nc5 20.Rxe8+ Qxe8 21.Qb5 Bxd3
22.Qxe8+ Rxe8 23.Ra1 Re1+ 24.Kh2 Bc4 25.a3 Rd1 26.Bb2 Rd2 27.Bc3 Rxf2 28.Re1 h6
29.Re8+ Kh7 30.Kg1 Rf1+ 31.Kh2 Bd5 32.Re5 Bb7 33.Re2 Ne4 34.Bb2 h5 35.h4 Rf4
36.Nf3 f6 37.Bc1 Rg4 38.Bb2 Nc5 39.Re7 Kg6 40.Kh3 Re4 41.Rc7 Re2 42.Bd4 Bxf3
43.gxf3 Ne6 44.Rc4 Nxd4 45.Rxd4 Re3 46.Ra4 a5 47.Kg3 Rb3 48.Kf4 Kf7 49.Ke4 Ke6
50.Rc4 Rxa3 51.Rc6+ Kf7 52.Rxb6 a4 53.Ra6 Ra1 54.Kf4 a3 55.Kg3 Kg6 56.Ra5 Kh6
57.Ra6 Kh7 58.Ra7 Kg6 59.Ra5 a2 60.Kg2 Kf7 61.Ra6 Ke7  0-1

[Event "Senat-CanalWeb GP"]
[Site "Paris FRA"]
[Date "2000.05.06"]
[Round "1.2"]
[White "Lautier,J"]
[Black "Shirov,A"]
[Result "0-1"]
[WhiteElo "2632"]
[BlackElo "2751"]

1.d4 Nf6 2.c4 g6 3.Nc3 d5 4.Nf3 Bg7 5.Qb3 dxc4 6.Qxc4 O-O 7.e4 Bg4 8.Be3 Nfd7
9.O-O-O e5 10.d5 Nb6 11.Qb3 a5 12.a3 a4 13.Qc2 N8d7 14.Kb1 c6 15.h3 Bxf3
16.gxf3 Qf6 17.Qe2 Rfd8 18.h4 h6 19.h5 g5 20.Bh3 Bf8 21.Bg4 Bc5 22.dxc6 bxc6
23.Bxd7 Bxe3 24.Qxe3 Nxd7 25.Rd2 Nf8 26.Rhd1 Ne6 27.Rd6 Rdc8 28.R1d2 Qe7
29.Rd7 Qf8 30.R2d6 Rc7 31.Qb6 Rb8 32.Qa5 Rxd7 33.Rxd7 Qxa3 34.Nd1 Qxf3 35.Qxe5 Rb5
36.Qc3 Qxe4+ 37.Ka1 Rc5 38.Qe3 Qxe3 39.Nxe3 Nf4 40.Rd4 Nxh5 41.Rxa4 Nf4 42.Ra7  0-1

[Event "Senat-CanalWeb GP"]
[Site "Paris FRA"]
[Date "2000.05.07"]
[Round "2.1"]
[White "Hauchard,A"]
[Black "Lautier,J"]
[Result "0-1"]
[WhiteElo "2513"]
[BlackElo "2632"]

1.d4 d5 2.c4 c6 3.Nf3 Nf6 4.Nc3 e6 5.Bg5 dxc4 6.a4 Bb4 7.e4 c5 8.Bxc4 cxd4
9.Nxd4 h6 10.Bxf6 Qxf6 11.Bb5+ Nd7 12.O-O O-O 13.Nde2 Qe7 14.Rc1 a6 15.Bd3 Rd8
16.Bb1 Ne5 17.Qc2 Bd7 18.Rcd1 Bc6 19.Nd4 Be8 20.Nde2 Rac8 21.Rxd8 Qxd8 22.Rd1 Qa5
23.Ba2 b5 24.h3 bxa4 25.f4 Nc4 26.Bxc4 Rxc4 27.Qd3 Rc8 28.Kh2 Be7 29.Nd4 Qb4
30.Qxa6 Qb8 31.e5 a3 32.Ncb5 axb2 33.Rb1  0-1